000 11683cam a2202665 a 4500
999 _c56609
001 7634505
003 LIBRIS
005 20210315130813.0
008 011211s1999 sw |||||||||||001 0|swe|
020 _a9173246131
_qINB.
_c351:00
035 _a(Bo)282189
035 _a(KVIN)244320
035 _a(Mo)b1085417
035 _a(Sklm)0000006642
040 _aNB
_ea
041 1 _aswe
_heng
072 7 _ahist
082 0 4 _a391.6
_221
084 _aK
084 _aKt
_2kssb/6
084 _aKt
_2kssb/6
084 _aKt
_2kssb/6
084 _aIbvz Bröstet
_2kssb/6
084 _aG.096z Bröstet
_2kssb/6
084 _aVgaab:k
_2kssb/6
084 _aKt
_2kssb/6
084 _aVgaab
_2kssb/6
084 _aKt
_2kssb/6
084 _aIbvz Bröstet
_2kssb/6
084 _aG.096z Bröstet
_2kssb/6
084 _aVgaab:k
_2kssb/6
084 _aOhja:k
_2kssb/6
084 _aKt
_2kssb/6
084 _aIbvz Bröstet
_2kssb/6
084 _aG.096z Bröstet
_2kssb/6
084 _aVgaab:k
_2kssb/6
084 _aKt
_2kssb/8
084 _aVgaab
_2kssb/8
084 _aK
084 _aKt
_2kssb/6
084 _aVgaab
_2kssb/6
084 _aKt
_2kssb/6
084 _aIbvz Bröstet
_2kssb/6
084 _aG.096z Bröstet
_2kssb/6
084 _aOhja:k
_2kssb/6
100 1 _aYalom, Marilyn
_4aut
245 1 0 _aBröstens historia /
_cMarilyn Yalom ; översättning: Ingrid Ingemark.
264 1 _aStockholm :
_bOrdfront,
_c1999
264 3 _aVärnamo :
_bFälth & Hässler
300 _a331, [1] s.
_bill. (vissa i färg)
_c24 cm
500 _aÄven tillg. med tryckår: 2 tr., 1999 (Stockholm : Fälth & Hässler)
500 _5Mo
_aOrig:s titel A history of the breast
500 _5Mo
_asvenska
500 _5Umdp
_a2 tr., 1999
520 8 _aOriginaltitel: A history of the breast
650 7 _aBröst
_xhistoria
_2sao
650 2 _aBody image
650 2 _aBreast
650 2 _aArt
_xhistory
650 2 _aReligion
_xhistory
650 2 _aSexuality
_xhistory
650 7 _aHistoria
_2kao
650 7 _aKonstvetenskap
_2kao
650 7 _aKropp
_2kao
650 7 _aKulturhistoria
_2kao
650 7 _aLitteraturvetenskap
_2kao
650 2 _aArt: history
650 2 _aBody image
650 2 _aBreast
650 2 _aReligion: history
650 2 _aSexuality: history
650 2 _aBeauty culture
650 2 _aBreast: popular works
650 2 _aWomen: history
650 4 _aBrösten
650 4 _aBröstet
650 4 _aBrösten
_xKulturhistoria
650 7 _aBreasts
_2kao//eng
650 7 _aHistory
_2kao//eng
650 7 _aHistory of art
_2kao//eng
650 7 _aBody
_2kao//eng
650 7 _aCultural history
_2kao//eng
650 7 _aLiterary studies
_2kao//eng
650 4 _aBrösten
_xKulturhistoria
650 4 _aBröstet
650 4 _aKvinnosyn
650 4 _aKvinnokroppen
650 4 _aBröstet
_xkulturhistoria
653 _aKulturhistoria
653 _aBröstet
653 _aKvinnokroppen
653 _aKvinnosyn
653 _aKvinnofrågor
653 _aKulturhistoria
653 _aBröstet
653 _aKvinnobröstet
653 _aGudinnor -- Erotik -- Hemmet -- Psykologi -- Korsetter -- Medicin.
653 _aAllmän kulturhistoria
653 _aSärskilda motiv i konsten
653 _aLitteraturhistoria
653 _aBröstet
655 4 _5Mo
_aBok
698 _an
700 1 _aIngemark, Ingrid,
_d1941-
_4trl
_0https://libris.kb.se/hftwwh612ppfm45#it
887 _a{"@id":"5ngck78h5dl2qt4","modified":"2019-06-12T17:10:31.533+02:00","checksum":"92800218651"}
_2librisxl
887 _a{"@id":"x28wchv338473p5","modified":"2014-04-01T12:27:53+02:00","checksum":"69943689092"}
_2librisxl
887 _a{"@id":"chnvcvwj1c8dzmg","modified":"2018-06-05T12:01:15.77+02:00","checksum":"125487830618"}
_2librisxl
887 _a{"@id":"djpwdwxk1r0s4td","modified":"2014-06-04T14:29:39+02:00","checksum":"113352610995"}
_2librisxl
887 _a{"@id":"fkqxfxzl5261glh","modified":"2004-11-24T12:33:44+01:00","checksum":"71888333857"}
_2librisxl
887 _a{"@id":"glrzgz0m3xcc2f7","modified":"2018-06-05T12:01:15.782+02:00","checksum":"75473196676"}
_2librisxl
887 _a{"@id":"rw32450x2gk64f2","modified":"2008-08-19T14:13:57+02:00","checksum":"83178074847"}
_2librisxl
887 _a{"@id":"jnt1j12p4b8lvh4","modified":"2011-07-12T09:27:49+02:00","checksum":"122711403008"}
_2librisxl
887 _a{"@id":"kpv2k23q0v1lgjd","modified":"2017-02-15T14:58:36+01:00","checksum":"73480316873"}
_2librisxl
887 _a{"@id":"lqw3l34r1w3km10","modified":"2018-06-05T12:01:15.794+02:00","checksum":"71963649417"}
_2librisxl
887 _a{"@id":"nsz5n56t49ns9h1","modified":"2018-06-05T12:01:15.8+02:00","checksum":"80241274473"}
_2librisxl
887 _a{"@id":"pt06p67v0s15z13","modified":"2011-09-28T13:18:23+02:00","checksum":"70054751297"}
_2librisxl
887 _a{"@id":"rw28r89x4j8wrzj","modified":"2013-02-12T16:55:58+01:00","checksum":"70973656274"}
_2librisxl
887 _a{"@id":"tz4btbd0552hc99","modified":"2018-06-05T12:01:15.811+02:00","checksum":"84330572644"}
_2librisxl
887 _a{"@id":"pt0q69sv273w6l0","modified":"2004-12-23T12:03:21+01:00","checksum":"95976300781"}
_2librisxl
887 _a{"@id":"v05cvcf13gmx6gk","modified":"2003-03-24T14:00:00+01:00","checksum":"76546031568"}
_2librisxl
887 _a{"@id":"9mn7dwvm70t7bjhn","modified":"2020-03-13T18:46:47.487+01:00","checksum":"78253140521"}
_2librisxl
887 _a{"@id":"15bj1jl606vv9tx","modified":"2015-03-31T11:12:25+02:00","checksum":"71298850545"}
_2librisxl
887 _a{"@id":"26ck2km72wn50d8","modified":"2016-05-25T13:15:44+02:00","checksum":"79766128853"}
_2librisxl
887 _a{"@id":"z38gzgj45b473zs","modified":"2014-12-09T19:59:22+01:00","checksum":"76088303903"}
_2librisxl
887 _a{"@id":"48fm4mp93hshrsw","modified":"2018-01-10T08:44:46+01:00","checksum":"69016009354"}
_2librisxl
887 _a{"@id":"9fmm3fhg5q25spc","modified":"2009-02-23T16:55:10+01:00","checksum":"78393378273"}
_2librisxl
887 _a{"@id":"7cjq7qsd0j7jw0b","modified":"2018-06-05T12:01:15.835+02:00","checksum":"75448453367"}
_2librisxl
887 _a{"@id":"8dkr8rtf26msxhg","modified":"2018-06-05T12:01:15.838+02:00","checksum":"79878895723"}
_2librisxl
887 _a{"@id":"v05x0bn12l4b69z","modified":"2010-07-15T11:31:34+02:00","checksum":"87089214934"}
_2librisxl
887 _a{"@id":"mrx4m46s2rtdkpl","modified":"2018-06-05T12:01:15.871+02:00","checksum":"74386380615"}
_2librisxl
887 _a{"@id":"9fls9svg5tzwfpk","modified":"2018-06-05T12:01:15.841+02:00","checksum":"73503922037"}
_2librisxl
887 _a{"@id":"bgmtbtwh356wtwh","modified":"2003-08-06T13:13:13+02:00","checksum":"72303727977"}
_2librisxl
887 _a{"@id":"chnvcvxj0cn4tck","modified":"2018-06-05T12:01:15.846+02:00","checksum":"77311472769"}
_2librisxl
887 _a{"@id":"djpwdwzk2cpkwkr","modified":"2018-06-05T12:01:15.849+02:00","checksum":"80832395535"}
_2librisxl
887 _a{"@id":"fkqxfx0l5nrrb76","modified":"2018-06-05T12:01:15.853+02:00","checksum":"74803497858"}
_2librisxl
887 _a{"@id":"tz5l98t03w5dzc4","modified":"2012-08-14T10:16:59+02:00","checksum":"80542070647"}
_2librisxl
887 _a{"@id":"hms0h02n2w22kv5","modified":"2018-06-05T12:01:15.856+02:00","checksum":"77438394252"}
_2librisxl
887 _a{"@id":"59jscrhb5sx78sm","modified":"2017-06-27T17:03:45+02:00","checksum":"83250636327"}
_2librisxl
887 _a{"@id":"jnt1j13p068lqkf","modified":"2018-06-05T12:01:15.861+02:00","checksum":"77476488345"}
_2librisxl
887 _a{"@id":"mrx4m45s4pfgkhc","modified":"2013-07-31T12:52:05+02:00","checksum":"76994708869"}
_2librisxl
887 _a{"@id":"lqw3l35r59j9v8h","modified":"2018-06-05T12:01:15.868+02:00","checksum":"70995540201"}
_2librisxl
887 _a{"@id":"v05wmgl11b5scw3","modified":"2003-08-28T08:43:07+02:00","checksum":"100896591599"}
_2librisxl
887 _a{"@id":"kpv2k24q39g26fw","modified":"2017-06-05T11:49:50+02:00","checksum":"85537372074"}
_2librisxl
900 1 s _6700
_d1941-
_uIngemark, Ingrid,
_d1941-
942 _2z
_cBOOK